Arctic Monkeys Albums Tile Select - Statistics

General Stats
  • This quiz has been taken 625 times
    76 since last reset
  • The average score is 56 of 63
Answer Stats
Question Tile Select % Correct
the following songs that are on Humbug (2009). Cornerstone Yes
97%
the following songs that are on Humbug (2009). Crying Lightning Yes
97%
the following songs that are on AM (2013). Library Pictures No
97%
the following songs that are on Favourite Worst Nightmare (2007). Old Yellow Bricks Yes
97%
the following songs that are on AM (2013). R U Mine? Yes
97%
the following songs that are on Favourite Worst Nightmare (2007). 505 Yes
95%
the following songs that are on AM (2013). Arabella Yes
95%
the following songs that are on Humbug (2009). Balaclava No
95%
the following songs that are on AM (2013). Do I Wanna Know? Yes
95%
the following songs that are on AM (2013). Four Out of Five No
95%
the following songs that are on AM (2013). Knee Socks Yes
95%
the following songs that are on AM (2013). That's Where You're Wrong No
95%
the following songs that are on Favourite Worst Nightmare (2007). A Certain Romance No
94%
the following songs that are on Favourite Worst Nightmare (2007). Fluorescent Adolescent Yes
94%
the following songs that are on Whatever People Say I Am, That's What I'm Not (2006). I Bet You Look Good on the Dancefloor Yes
94%
the following songs that are on Suck It and See (2011). I Wanna Be Yours No
94%
the following songs that are on AM (2013). No. 1 Party Anthem Yes
94%
the following songs that are on Favourite Worst Nightmare (2007). Pretty Visitors No
94%
the following songs that are on Suck It and See (2011). Why'd You Only Call Me When You're High? No
94%
the following songs that are on Favourite Worst Nightmare (2007). Brianstorm Yes
92%
the following songs that are on Whatever People Say I Am, That's What I'm Not (2006). Fake Tales of San Francisco Yes
92%
the following songs that are on Suck It and See (2011). Love Is a Laserquest Yes
92%
the following songs that are on Suck It and See (2011). Snap Out of It No
92%
the following songs that are on Humbug (2009). Black Treacle No
90%
the following songs that are on Whatever People Say I Am, That's What I'm Not (2006). Despair in the Departure Lounge No
90%
the following songs that are on Favourite Worst Nightmare (2007). From the Ritz to the Rubble No
90%
the following songs that are on Humbug (2009). My Propeller Yes
90%
the following songs that are on Suck It and See (2011). One for the Road No
90%
the following songs that are on Whatever People Say I Am, That's What I'm Not (2006). Only Ones Who Know No
90%
the following songs that are on Humbug (2009). Reckless Serenade No
90%
the following songs that are on Tranquility Base Hotel + Casino (2018) Star Treatment Yes
90%
the following songs that are on Whatever People Say I Am, That's What I'm Not (2006). When the Sun Goes Down Yes
90%
the following songs that are on Tranquility Base Hotel + Casino (2018) Hello You No
89%
the following songs that are on Tranquility Base Hotel + Casino (2018) Mad Sounds No
89%
the following songs that are on Whatever People Say I Am, That's What I'm Not (2006). Teddy Picker No
89%
the following songs that are on Whatever People Say I Am, That's What I'm Not (2006). The View from the Afternoon Yes
89%
the following songs that are on Favourite Worst Nightmare (2007). Dangerous Animals No
87%
the following songs that are on Suck It and See (2011). Don't Sit Down 'Cause I've Moved Your Chair Yes
87%
the following songs that are on The Car (2022) Fireside No
87%
the following songs that are on Tranquility Base Hotel + Casino (2018) Four Out of Five Yes
87%
the following songs that are on Suck It and See (2011). The Hellcat Spangled Shalalala Yes
87%
the following songs that are on The Car (2022) There'd Better Be a Mirrorball Yes
87%
the following songs that are on The Car (2022) Body Paint Yes
86%
the following songs that are on The Car (2022) Sculptures of Anything Goes Yes
86%
the following songs that are on Humbug (2009). D is for Dangerous No
84%
the following songs that are on The Car (2022) Golden Trunks No
84%
the following songs that are on AM (2013). I Want It All Yes
84%
the following songs that are on Tranquility Base Hotel + Casino (2018) Jet Skis on the Moat No
84%
the following songs that are on Favourite Worst Nightmare (2007). This House Is a Circus Yes
84%
the following songs that are on Whatever People Say I Am, That's What I'm Not (2006). Red Light Indicates Doors Are Secured Yes
83%
the following songs that are on Tranquility Base Hotel + Casino (2018) The Ultracheese Yes
83%
the following songs that are on The Car (2022) American Sports No
81%
the following songs that are on Humbug (2009). Dance Little Liar Yes
81%
the following songs that are on The Car (2022) One Point Perspective No
81%
the following songs that are on Suck It and See (2011). Brick by Brick Yes
79%
the following songs that are on Tranquility Base Hotel + Casino (2018) Perfect Sense No
79%
the following songs that are on Humbug (2009). Potion Approaching Yes
79%
the following songs that are on The Car (2022) Mr. Schwartz Yes
78%
the following songs that are on Tranquility Base Hotel + Casino (2018) The World's First Ever Monster Truck Front Flip Yes
78%
the following songs that are on Suck It and See (2011). All My Own Stunts Yes
76%
the following songs that are on Tranquility Base Hotel + Casino (2018) Science Fiction Yes
76%
the following songs that are on The Car (2022) She Looks Like Fun No
75%
the following songs that are on Whatever People Say I Am, That's What I'm Not (2006). Dancing Shoes Yes
71%
No matching quizzes found
Score Distribution
Percent of People with Each Score
Percentile by Number Answered
Your Score History
You have not taken this quiz since the last reset